Middle-earth Match Quiz Stats

 Plays Quiz Updated Dec 15, 2016

Challenge
Share
Tweet
Score 0/30 Timer 05:00
9 Plays Today
% Correct
Gollum
97%
Hobbits
94.9%
Aragorn
92.7%
One Ring
91.4%
Ringwraiths
87.9%
Frodo
84.9%
Minas Tirith
82.1%
Orcs
75.9%
Lembas
73.8%
Gandalf
73.7%
Shelob
72.7%
Sauron
70.8%
Palantíri
67.9%
Moria
67.4%
Treebeard
64.8%
% Correct
Glamdring
62.2%
Rangers
61.2%
Balrog
57.9%
Wizards
54.4%
Lonely Mountain
54%
Oliphaunts
52.6%
Great River
50.2%
Rohan
49.3%
Weathertop
48.5%
Rivendell
48.4%
Saruman
44.1%
Lake-town
42%
Argonath
41.5%
Mount Doom
38.3%
Barad-dûr
28%

You're not logged in!

Compare scores with friends on all Sporcle quizzes.
Join for Free
OR
Log In

You Might Also Like...

Show Comments

Extras

Top Quizzes Today


Score Distribution

Your Account Isn't Verified!

In order to create a playlist on Sporcle, you need to verify the email address you used during registration. Go to your Sporcle Settings to finish the process.

Report this User

Report this user for behavior that violates our Community Guidelines.

Details: